01280naa a22003137a 4500001001000000003000900010005001700019007000300036008003400039040005400073041000900127072002000136090001800156100002100174100002000195111009300215245008900308260004200397500012700439650000900566650001400575650002100589650001500610773012400625909003600749942001400785999001900799952014800818BR7806566BR-BrBNA20240918174233.0ta230509b bl.||||| |||| 00| 0 por d aBR-BrBNAbporcBiblioteca Nacional de Agricultura a(Pt) aH20b2120b4050 aH20 BR78065661 aLordello, R.R.A.1 aPereira, L.C.E.1 a6. Congresso Brasileiro de Pesquisas CafeeirascRibeirao Preto, SP (Brazil)d24 Oct 19781 aExperimento para recuperacao de cafezal atacado pelo nematoide Meloidogyne Incognita3 aRio de Janeiro, RJ (Brasil): c1978.  aResumos do 6. Congresso Brasileiro de Pesquisas Cafeeiras Rio de Janeiro, RJ (Brasil): 1978. p. 130-131 (BR7806566-AM)H20  aCAFE aNEMATOIDE aCONTROLE QUIMICO aNEMATICIDA0 tResumos do 6. Congresso Brasileiro de Pesquisas CafeeiraswH20 BR7806566gRio de Janeiro, RJ (Brasil), 1978. p. 130-131 a202404bLuciac55dLucia Elande cAM2AGRIS c309798d309798 002AGRIS40708Acervo Gerala41918b41918cAgrobasel0oP36 BR8804916r2024-05-20t01yAM10d2024-04-11ePortaria Interministerial nÂș 164/94